[Event "SVK-chT2B 2223"]
[Site "Slovakia"]
[Date "2023.03.26"]
[Round "11.2"]
[White "Barczi, Tibor"]
[Black "Kaniansky, Miroslav"]
[Result "1/2-1/2"]
[WhiteElo "1975"]
[BlackElo "2004"]
[PlyCount "22"]
[EventDate "2022.10.08"]
[EventType "team-tourn"]
[EventRounds "11"]
[EventCountry "SVK"]
[SourceTitle "EXT 2024"]
[Source "ChessBase"]
[SourceDate "2023.10.10"]
[SourceVersion "1"]
[SourceVersionDate "2023.10.10"]
[SourceQuality "1"]
[WhiteTeam "Batorove Kosihy"]
[BlackTeam "Prievidza"]
[WhiteTeamCountry "SVK"]
[BlackTeamCountry "SVK"]

1. e4 e6 2. d4 d5 3. e5 b6 4. f4 Ba6 5. Bd3 c5 6. c3 Bxd3 7. Qxd3 Nc6 8. Nf3 Rc8 9. 0-0 cxd4 10. Nxd4 Nge7 11. Na3 Nxd4 1/2-1/2

[Event "SVK-chT2B 2223"]
[Site "Slovakia"]
[Date "2023.03.25"]
[Round "10.2"]
[White "Kaniansky, Miroslav"]
[Black "Voros, Gellert"]
[Result "1/2-1/2"]
[WhiteElo "2004"]
[BlackElo "2146"]
[PlyCount "61"]
[EventDate "2022.10.08"]
[EventType "team-tourn"]
[EventRounds "11"]
[EventCountry "SVK"]
[SourceTitle "EXT 2024"]
[Source "ChessBase"]
[SourceDate "2023.10.10"]
[SourceVersion "1"]
[SourceVersionDate "2023.10.10"]
[SourceQuality "1"]
[WhiteTeam "Prievidza"]
[BlackTeam "Komarno II"]
[WhiteTeamCountry "SVK"]
[BlackTeamCountry "SVK"]

1. d4 d5 2. Nf3 Nf6 3. g3 e6 4. Bg2 Be7 5. 0-0 0-0 6. c4 c6 7. Nc3 b6 8. Ne5 Bb7 9. cxd5 cxd5 10. Qa4 a6 11. b4 b5 12. Qb3 Nc6 13. Nxc6 Bxc6 14. Bg5 h6 15. Bxf6 Bxf6 16. e3 a5 17. a3 Qb6 18. Rfc1 Be7 19. Bf1 Ra7 20. Na2 Rfa8 21. bxa5 Rxa5 22. Nb4 Bd7 23. Bd3 Ra4 24. Qb2 g6 25. Bc2 R4a7 26. Bb3 Qd8 27. Bd1 Rc8 28. Rxc8 Qxc8 29. Rc1 Rc7 30. Rxc7 Qxc7 31. Be2 1/2-1/2

[Event "SVK-chT2B 2223"]
[Site "Slovakia"]
[Date "2023.01.15"]
[Round "7.3"]
[White "Kaniansky, Miroslav"]
[Black "Polacik, Igor"]
[Result "1/2-1/2"]
[WhiteElo "2004"]
[BlackElo "2139"]
[PlyCount "36"]
[EventDate "2022.10.08"]
[EventType "team-tourn"]
[EventRounds "11"]
[EventCountry "SVK"]
[SourceTitle "EXT 2024"]
[Source "ChessBase"]
[SourceDate "2023.10.10"]
[SourceVersion "1"]
[SourceVersionDate "2023.10.10"]
[SourceQuality "1"]
[WhiteTeam "Prievidza"]
[BlackTeam "Levice II"]
[WhiteTeamCountry "SVK"]
[BlackTeamCountry "SVK"]

1. d4 Nf6 2. Nf3 e6 3. g3 b6 4. Bg2 Bb7 5. 0-0 c5 6. c4 cxd4 7. Nxd4 Bxg2 8. Kxg2 a6 9. Nc3 Be7 10. e4 Qc7 11. Qe2 Nc6 12. Be3 0-0 13. Rac1 Nxd4 14. Bxd4 Qc6 15. Kg1 d6 16. f3 Rfc8 17. b3 Rab8 18. Rfd1 Nd7 1/2-1/2

[Event "SVK-chT2B 2223"]
[Site "Slovakia"]
[Date "2022.11.27"]
[Round "6.2"]
[White "Kaniansky, Miroslav"]
[Black "Dlhy, Jozef"]
[Result "1-0"]
[WhiteElo "1975"]
[BlackElo "2029"]
[PlyCount "85"]
[EventDate "2022.10.08"]
[EventType "team-tourn"]
[EventRounds "11"]
[EventCountry "SVK"]
[SourceTitle "EXT 2024"]
[Source "ChessBase"]
[SourceDate "2023.10.10"]
[SourceVersion "1"]
[SourceVersionDate "2023.10.10"]
[SourceQuality "1"]
[WhiteTeam "Prievidza"]
[BlackTeam "Tlmace"]
[WhiteTeamCountry "SVK"]
[BlackTeamCountry "SVK"]

1. d4 d5 2. Nf3 Nf6 3. c4 c6 4. Nc3 e6 5. Bg5 h6 6. Bxf6 Qxf6 7. e3 Nd7 8. Bd3 g6 9. e4 dxe4 10. Nxe4 Bb4+ 11. Kf1 Qe7 12. c5 0-0 13. Qa4 a5 14. a3 f5 15. Nd6 Bxc5 16. Nxc8 Rfxc8 17. dxc5 Nxc5 18. Qc2 Nxd3 19. Qxd3 e5 20. Qc3 Re8 21. Re1 e4 22. Re2 Kh7 23. Ne1 Qc7 24. g3 Rad8 25. f3 exf3 26. Qxf3 Rxe2 27. Qxe2 Qd6 28. Nf3 Rd7 29. Kg2 Qd5 30. Re1 g5 31. Qe5 g4 32. Qxd5 Rxd5 33. Ng1 Rb5 34. Re2 Kg6 35. Rd2 Kg5 36. Ne2 Kf6 37. Kf2 Ke5 38. Ke3 Rb3+ 39. Nc3 Rb6 40. Re2 Ra6 41. Kd3+ Kf6 42. Kd4 b6 43. Na4 1-0

[Event "SVK-chT3B2 2122"]
[Site "Slovakia"]
[Date "2022.02.13"]
[Round "4.1"]
[White "Vyhlidal, Jozef"]
[Black "Kaniansky, Miroslav"]
[Result "0-1"]
[WhiteElo "2045"]
[BlackElo "1977"]
[PlyCount "86"]
[EventDate "2021.10.24"]
[EventType "team-tourn"]
[EventRounds "11"]
[EventCountry "SVK"]
[SourceTitle "EXT 2023"]
[Source "ChessBase"]
[SourceDate "2022.10.05"]
[SourceVersion "1"]
[SourceVersionDate "2022.10.05"]
[SourceQuality "1"]
[WhiteTeam "Nemsova Horne Srnie"]
[BlackTeam "Handlova"]
[WhiteTeamCountry "SVK"]
[BlackTeamCountry "SVK"]

1. Nf3 d5 2. d4 Nf6 3. Bf4 g6 4. c4 Bg7 5. Nc3 0-0 6. e3 c6 7. h3 a6 8. Rc1 b5 9. cxd5 cxd5 10. Bd3 Bb7 11. Qb3 Nc6 12. 0-0 Rc8 13. a3 e6 14. Qa2 Ne8 15. Rc2 Nd6 16. Rfc1 Nc4 17. b3 Nb6 18. Qb1 Qe7 19. b4 Nc4 20. Qb3 Rfd8 21. Ne2 Ra8 22. Nc3 Rac8 23. Bf1 f6 24. e4 dxe4 25. Nxe4 Nxd4 26. Nxd4 Bxe4 27. Bxc4 bxc4 28. Rxc4 Bd5 29. Rxc8 Bxb3 30. Nc6 Qb7 31. Nxd8 Qd5 32. Nxe6+ Kf7 33. Nxg7 g5 34. R8c7+ Kg6 35. Be3 h5 36. Ne8 Qe6 37. Ng7 Qe4 38. R1c3 Bf7 39. Nxh5 Bd5 40. f3 Qe5 41. g4 Bxf3 42. Rg7+ Kh6 43. Rcc7 Qxe3+ 0-1

[Event "SVK-chT3B2 2122"]
[Site "Slovakia"]
[Date "2021.11.21"]
[Round "3.1"]
[White "Kaniansky, Miroslav"]
[Black "Alexy, Peter"]
[Result "1-0"]
[WhiteElo "1977"]
[BlackElo "1898"]
[PlyCount "69"]
[EventDate "2021.10.24"]
[EventType "team-tourn"]
[EventRounds "11"]
[EventCountry "SVK"]
[SourceTitle "EXT 2023"]
[Source "ChessBase"]
[SourceDate "2022.10.05"]
[SourceVersion "1"]
[SourceVersionDate "2022.10.05"]
[SourceQuality "1"]
[WhiteTeam "Handlova"]
[BlackTeam "Chynorany"]
[WhiteTeamCountry "SVK"]
[BlackTeamCountry "SVK"]

1. d4 Nf6 2. Nf3 g6 3. c4 Bg7 4. Nc3 d6 5. e4 0-0 6. Be2 e5 7. d5 a5 8. Bg5 h6 9. Bh4 Na6 10. Nd2 Bd7 11. a3 Qe8 12. b3 Nh7 13. Rb1 f5 14. f3 g5 15. Bf2 f4 16. b4 axb4 17. axb4 b6 18. Bd3 h5 19. Qe2 Qc8 20. c5 bxc5 21. Bxa6 Rxa6 22. bxc5 dxc5 23. Bxc5 Rf7 24. Nc4 Rg6 25. Qa2 Ra6 26. Qb2 Nf8 27. Qb8 Qxb8 28. Rxb8 Ra1+ 29. Nb1 Kh7 30. 0-0 Ng6 31. Nc3 Rxf1+ 32. Kxf1 g4 33. Kf2 Bf8 34. Bxf8 Rxf8 35. Rxf8 1-0

[Event "Piestany Slovakia op"]
[Site "Piestany"]
[Date "2021.07.18"]
[Round "9"]
[White "Kaniansky, Miroslav"]
[Black "Chlpik, Martin"]
[Result "0-1"]
[WhiteElo "2058"]
[BlackElo "2220"]
[PlyCount "79"]
[EventDate "2021.07.10"]
[EventType "swiss"]
[EventRounds "9"]
[EventCountry "SVK"]
[SourceTitle "CBM 203 Extra"]
[Source "ChessBase"]
[SourceDate "2021.09.30"]
[SourceVersion "1"]
[SourceVersionDate "2021.09.30"]
[SourceQuality "1"]

1. d4 Nf6 2. Nf3 c5 3. g3 cxd4 4. Nxd4 e5 5. Nb3 d5 6. Bg2 Nc6 7. 0-0 Be6 8. Nc3 d4 9. Ne4 Nxe4 10. Bxe4 a5 11. c3 a4 12. Nd2 Bc5 13. b4 Bb6 14. b5 Na5 15. c4 f5 16. Bd5 Bxd5 17. cxd5 Qxd5 18. Qxa4 0-0 19. Bb2 Bc5 20. Rfc1 b6 21. Nb3 f4 22. Nxc5 bxc5 23. Qc2 c4 24. Ba3 Rfc8 25. Bb4 Qxb5 26. Bxa5 Qxa5 27. Qf5 fxg3 28. hxg3 Qd5 29. f4 Re8 30. Rab1 Rxa2 31. Qh5 g6 32. Qf3 Qxf3 33. exf3 c3 34. fxe5 c2 35. Rb3 Rxe5 36. Kf2 Rc5 37. Ke2 Ra4 38. Kd2 Rac4 39. Rb2 g5 40. Rbxc2 0-1

[Event "SVK-ch Seniors 65"]
[Site "Tatranske Matliare"]
[Date "2021.06.22"]
[Round "4"]
[White "Kaniansky, Miroslav"]
[Black "Dobrovolsky, Ladislav"]
[Result "1/2-1/2"]
[WhiteElo "2077"]
[BlackElo "2254"]
[PlyCount "53"]
[EventDate "2021.06.20"]
[EventType "swiss"]
[EventRounds "9"]
[EventCountry "SVK"]
[SourceTitle "EXT 2022"]
[Source "ChessBase"]
[SourceDate "2021.10.06"]
[SourceVersion "1"]
[SourceVersionDate "2021.10.06"]
[SourceQuality "1"]

1. d4 Nf6 2. Nf3 e6 3. g3 b6 4. Bg2 Bb7 5. 0-0 c5 6. c4 cxd4 7. Nxd4 Bxg2 8. Kxg2 Be7 9. Nc3 0-0 10. e4 Nc6 11. Nc2 Qc8 12. Qe2 Qb7 13. f3 a6 14. Be3 d6 15. Bg1 Rfc8 16. Ne3 Rab8 17. a4 Nd7 18. Qd1 Qc7 19. Rc1 Nc5 20. Na2 b5 21. axb5 axb5 22. b4 Na6 23. Nd5 exd5 24. cxd5 Qb7 25. dxc6 Rxc6 26. Qd5 Rxc1 27. Rxc1 1/2-1/2

[Event "SVK-chT3B2 1920"]
[Site "Slovakia"]
[Date "2020.06.28"]
[Round "11.1"]
[White "Kaniansky, Miroslav"]
[Black "Podoba, Milan"]
[Result "1/2-1/2"]
[WhiteElo "2091"]
[BlackElo "1970"]
[PlyCount "91"]
[EventDate "2019.10.06"]
[EventType "team-tourn"]
[EventRounds "11"]
[EventCountry "SVK"]
[SourceTitle "EXT 2022"]
[Source "ChessBase"]
[SourceDate "2021.10.06"]
[SourceVersion "1"]
[SourceVersionDate "2021.10.06"]
[SourceQuality "1"]
[WhiteTeam "Handlova"]
[BlackTeam "Dubnica nad Vahom III"]
[WhiteTeamCountry "SVK"]
[BlackTeamCountry "SVK"]

1. Nf3 d5 2. d4 Nf6 3. c4 c6 4. Nc3 e6 5. Bg5 Nbd7 6. cxd5 exd5 7. e3 Be7 8. Bd3 h6 9. Bh4 0-0 10. 0-0 Re8 11. Qc2 Ne4 12. Bxe7 Qxe7 13. b4 Qxb4 14. Nxe4 dxe4 15. Bxe4 Nf6 16. Rab1 Qe7 17. Bd3 Be6 18. Rfc1 Rac8 19. Ne5 Ng4 20. Bh7+ Kh8 21. Nxg4 Bxg4 22. Bf5 Bxf5 23. Qxf5 g6 24. Qf4 Kg7 25. Rc3 Qd7 26. h3 Re7 27. Qf3 Rd8 28. Rc5 Qe6 29. Rb3 Qf6 30. Qxf6+ Kxf6 31. Ra3 a6 32. Rb3 Rdd7 33. f3 Ke6 34. Kf2 Rd5 35. Rbc3 Rxc5 36. Rxc5 Rd7 37. Re5+ Kd6 38. Ke2 b6 39. Re8 c5 40. Kd3 Kc6 41. a4 cxd4 42. exd4 b5 43. axb5+ axb5 44. Re5 Rd5 45. Re7 Rd7 46. Re5 1/2-1/2

[Event "SVK-chT3B2 1920"]
[Site "Slovakia"]
[Date "2020.06.21"]
[Round "10.1"]
[White "Zakovic, Jozef"]
[Black "Kaniansky, Miroslav"]
[Result "0-1"]
[WhiteElo "1795"]
[BlackElo "2091"]
[PlyCount "64"]
[EventDate "2019.10.06"]
[EventType "team-tourn"]
[EventRounds "11"]
[EventCountry "SVK"]
[SourceTitle "EXT 2022"]
[Source "ChessBase"]
[SourceDate "2021.10.06"]
[SourceVersion "1"]
[SourceVersionDate "2021.10.06"]
[SourceQuality "1"]
[WhiteTeam "Bojnice"]
[BlackTeam "Handlova"]
[WhiteTeamCountry "SVK"]
[BlackTeamCountry "SVK"]

1. e4 e5 2. Nf3 Nc6 3. Nc3 Nf6 4. Bb5 Bb4 5. 0-0 d6 6. d3 Bxc3 7. bxc3 0-0 8. Bg5 Qe7 9. Bxc6 bxc6 10. Rb1 Qe6 11. c4 Nd7 12. Nh4 f6 13. Be3 d5 14. cxd5 cxd5 15. exd5 Qxd5 16. Qf3 Nb6 17. Qxd5+ Nxd5 18. Bc5 Rd8 19. Rfe1 Nb6 20. Bb4 Bd7 21. Nf3 Ba4 22. Rb2 Rab8 23. Reb1 Nd5 24. Bd2 Rxb2 25. Rxb2 Nb6 26. Kf1 e4 27. Ne1 exd3 28. cxd3 a6 29. Ke2 Bb5 30. Rc2 Nd5 31. g3 Re8+ 32. Kd1 Ba4 0-1

[Event "SVK-chT3B2 1920"]
[Site "Slovakia"]
[Date "2020.02.23"]
[Round "9.1"]
[White "Kaniansky, Miroslav"]
[Black "Bielik, Jakub"]
[Result "1/2-1/2"]
[WhiteElo "2091"]
[BlackElo "1928"]
[PlyCount "103"]
[EventDate "2019.10.06"]
[EventType "team-tourn"]
[EventRounds "11"]
[EventCountry "SVK"]
[SourceTitle "CBM 195 Extra"]
[Source "ChessBase"]
[SourceDate "2020.05.31"]
[SourceVersion "1"]
[SourceVersionDate "2020.05.31"]
[SourceQuality "1"]
[WhiteTeam "Handlova"]
[BlackTeam "Povazske Podhradie"]
[WhiteTeamCountry "SVK"]
[BlackTeamCountry "SVK"]

1. d4 d5 2. Nf3 e6 3. g3 Nf6 4. Bg2 b5 5. 0-0 Be7 6. a4 b4 7. Ne5 0-0 8. c3 bxc3 9. bxc3 Bb7 10. Qb3 Qc8 11. Ba3 Bd6 12. Nd2 Nbd7 13. Nxd7 Nxd7 14. e4 Rb8 15. Rfe1 dxe4 16. Qa2 Bxa3 17. Qxa3 e3 18. fxe3 Bxg2 19. Kxg2 c5 20. Rac1 Qc6+ 21. Kg1 Rfc8 22. e4 Rc7 23. e5 Rcb7 24. Nc4 Qd5 25. Ne3 Qf3 26. Qa1 Rb3 27. Rc2 cxd4 28. Rf2 Qe4 29. Nc2 Qd3 30. cxd4 Rb2 31. Qa3 Qxa3 32. Nxa3 Rxf2 33. Kxf2 Kf8 34. Rc1 Rb2+ 35. Rc2 Rxc2+ 36. Nxc2 Nb6 37. Nb4 Nxa4 38. Nc6 a6 39. Nb4 Ke7 40. Nxa6 Kd7 41. Nb4 f6 42. exf6 gxf6 43. Ke3 Kd6 44. Nd3 Nc3 45. Nf4 f5 46. Kd3 Ne4 47. Ne2 Nf2+ 48. Kc4 Ng4 49. h3 Nf2 50. Nf4 h6 51. h4 Ne4 52. Ne2 1/2-1/2

[Event "SVK-chT3B2 1920"]
[Site "Slovakia"]
[Date "2020.02.02"]
[Round "7.1"]
[White "Matejka, Peter"]
[Black "Kaniansky, Miroslav"]
[Result "0-1"]
[WhiteElo "1597"]
[BlackElo "2091"]
[PlyCount "66"]
[EventDate "2019.10.06"]
[EventType "team-tourn"]
[EventRounds "11"]
[EventCountry "SVK"]
[SourceTitle "CBM 195 Extra"]
[Source "ChessBase"]
[SourceDate "2020.05.31"]
[SourceVersion "1"]
[SourceVersionDate "2020.05.31"]
[SourceQuality "1"]
[WhiteTeam "Nemsova Horne Srnie II"]
[BlackTeam "Handlova"]
[WhiteTeamCountry "SVK"]
[BlackTeamCountry "SVK"]

1. d4 g6 2. e4 c6 3. Nf3 d5 4. e5 Bf5 5. Be2 e6 6. 0-0 h5 7. Bg5 Qb6 8. b3 c5 9. Nc3 cxd4 10. Bb5+ Nc6 11. Nxd4 Bh6 12. Nxf5 Bxg5 13. Nd6+ Kf8 14. Bxc6 Qxc6 15. Ncb5 Nh6 16. Nd4 Qd7 17. h3 Be7 18. N6b5 a6 19. Nc3 Qc7 20. Nce2 Qxe5 21. Re1 Bf6 22. c3 Kg7 23. Nf3 Qc7 24. Rc1 Rad8 25. Qc2 Rhe8 26. Ng3 h4 27. Ne2 Nf5 28. Qd2 Qa5 29. Ned4 Nd6 30. Qf4 Ne4 31. Rxe4 dxe4 32. Qxe4 Qd5 33. Qxd5 Rxd5 0-1

[Event "SVK-chT3B2 1920"]
[Site "Slovakia"]
[Date "2019.11.03"]
[Round "3.1"]
[White "Reisel, Frantisek"]
[Black "Kaniansky, Miroslav"]
[Result "1/2-1/2"]
[WhiteElo "1942"]
[BlackElo "2091"]
[PlyCount "146"]
[EventDate "2019.10.06"]
[EventType "team-tourn"]
[EventRounds "11"]
[EventCountry "SVK"]
[SourceTitle "CBM 193 Extra"]
[Source "ChessBase"]
[SourceDate "2020.01.31"]
[SourceVersion "1"]
[SourceVersionDate "2020.01.31"]
[SourceQuality "1"]
[WhiteTeam "Lehota pod Vtacnikom"]
[BlackTeam "Handlova"]
[WhiteTeamCountry "SVK"]
[BlackTeamCountry "SVK"]

1. d4 f5 2. Nf3 Nf6 3. g3 g6 4. Bg2 Bg7 5. 0-0 0-0 6. c4 d6 7. Nc3 Nc6 8. d5 Na5 9. Qd3 c5 10. Rb1 Ne4 11. Nd1 b5 12. cxb5 e5 13. Nd2 Nxd2 14. Bxd2 e4 15. Qc2 Bd7 16. a4 a6 17. bxa6 Rxa6 18. b3 Qa8 19. Ne3 Rb8 20. Rfc1 Be8 21. Bc3 Qa7 22. Bf1 Bxc3 23. Qxc3 Qg7 24. Qc2 Rab6 25. Nc4 Nxc4 26. Qxc4 Rb4 27. Qc2 Qb7 28. e3 Bxa4 29. bxa4 Rxb1 30. Bb5 Rxb5 31. axb5 Qxb5 32. Ra1 Qb7 33. Qc4 Ra8 34. Rf1 Qb4 35. Qc2 Qb7 36. Qc4 Qb2 37. g4 Ra1 38. gxf5 Rxf1+ 39. Kxf1 gxf5 40. Qa6 Qe5 41. Qc8+ Kg7 42. Qb7+ Kg6 43. Qa8 Kf7 44. Qb7+ Qe7 45. Qc8 Qf6 46. Qd7+ Kg6 47. Qe8+ Qf7 48. Qc6 Qf6 49. Qe8+ Kh6 50. Qc6 f4 51. exf4 Qxf4 52. Qe8 Qf5 53. Qc6 Qe5 54. Kg2 Qf6 55. Qb7 Qf3+ 56. Kg1 Qg4+ 57. Kf1 Qf4 58. Kg2 e3 59. fxe3 Qxe3 60. Qa8 Qe5 61. h3 c4 62. Kf3 Qf5+ 63. Ke2 Qd3+ 64. Kf2 Qf5+ 65. Ke2 c3 66. Qc6 Qe5+ 67. Kd3 Kg5 68. Qb7 Qg3+ 69. Kc2 Qxh3 70. Qe7+ Kf4 71. Qxd6+ Kg5 72. Qe7+ Kf4 73. d6 Qf5+ 1/2-1/2

[Event "SVK-chT2B 1819"]
[Site "Slovakia"]
[Date "2019.04.06"]
[Round "10.3"]
[White "Kaniansky, Miroslav"]
[Black "Chovanec, Milan"]
[Result "1/2-1/2"]
[WhiteElo "2126"]
[BlackElo "2084"]
[PlyCount "33"]
[EventDate "2018.10.13"]
[EventType "team-tourn"]
[EventRounds "11"]
[EventCountry "SVK"]
[SourceTitle "EXT 2020"]
[Source "ChessBase"]
[SourceDate "2019.10.17"]
[SourceVersion "1"]
[SourceVersionDate "2019.10.17"]
[SourceQuality "1"]
[WhiteTeam "Prievidza"]
[BlackTeam "Povazska Bystrica"]
[WhiteTeamCountry "SVK"]
[BlackTeamCountry "SVK"]

1. d4 Nf6 2. Nf3 e6 3. g3 b6 4. Bg2 Bb7 5. c4 d5 6. 0-0 Be7 7. Nc3 0-0 8. Ne5 Nbd7 9. Qa4 Nxe5 10. dxe5 Ne4 11. Nxe4 dxe4 12. Be3 Qe8 13. Qxe8 Rfxe8 14. Rfd1 Rad8 15. Kf1 Rxd1+ 16. Rxd1 Rd8 17. Rxd8+ 1/2-1/2

[Event "SVK-chT3B2 1819"]
[Site "Slovakia"]
[Date "2019.03.24"]
[Round "10.1"]
[White "Kaniansky, Miroslav"]
[Black "Halak, Matej"]
[Result "0-1"]
[WhiteElo "2157"]
[BlackElo "1999"]
[PlyCount "100"]
[EventDate "2018.10.21"]
[EventType "team-tourn"]
[EventRounds "11"]
[EventCountry "SVK"]
[SourceTitle "CBM 189 Extra"]
[Source "ChessBase"]
[SourceDate "2019.06.03"]
[SourceVersion "1"]
[SourceVersionDate "2019.06.03"]
[SourceQuality "1"]
[WhiteTeam "Handlova"]
[BlackTeam "Trencin "]
[WhiteTeamCountry "SVK"]
[BlackTeamCountry "SVK"]

1. d4 d5 2. Nf3 Nf6 3. g3 g6 4. Bg2 Bg7 5. 0-0 0-0 6. c4 c6 7. Nc3 dxc4 8. e4 Bg4 9. h3 Bxf3 10. Bxf3 Na6 11. Be3 Qa5 12. Qe2 b5 13. a4 b4 14. Nb1 Rac8 15. Qxc4 c5 16. Be2 cxd4 17. Qxa6 Qxa6 18. Bxa6 dxe3 19. Bxc8 exf2+ 20. Rxf2 Rxc8 21. Nd2 Rc2 22. Nf1 Rxf2 23. Kxf2 Nxe4+ 24. Ke3 f5 25. Rb1 Kf7 26. b3 Be5 27. g4 Kf6 28. Nd2 Nxd2 29. Kxd2 fxg4 30. hxg4 Kg5 31. Rh1 h5 32. gxh5 gxh5 33. Ke3 Kg4 34. Kf2 h4 35. Kg2 Bf4 36. Re1 e5 37. Re4 a5 38. Rc4 h3+ 39. Kf2 Kh4 40. Kf3 h2 41. Kg2 Kg4 42. Rc5 e4 43. Rxa5 e3 44. Ra8 Be5 45. Rg8+ Kf5 46. Rf8+ Ke4 47. Rf1 e2 48. Re1 Ke3 49. a5 Kd2 50. a6 Bd4 0-1

[Event "SVK-chT3B2 1819"]
[Site "Slovakia"]
[Date "2019.03.10"]
[Round "9.1"]
[White "Marko, Anton"]
[Black "Kaniansky, Miroslav"]
[Result "1/2-1/2"]
[WhiteElo "2045"]
[BlackElo "2157"]
[PlyCount "56"]
[EventDate "2018.10.21"]
[EventType "team-tourn"]
[EventRounds "11"]
[EventCountry "SVK"]
[SourceTitle "CBM 189 Extra"]
[Source "ChessBase"]
[SourceDate "2019.06.03"]
[SourceVersion "1"]
[SourceVersionDate "2019.06.03"]
[SourceQuality "1"]
[WhiteTeam "Chynorany"]
[BlackTeam "Handlova"]
[WhiteTeamCountry "SVK"]
[BlackTeamCountry "SVK"]

1. Nf3 c5 2. g3 Nf6 3. Bg2 Nc6 4. d4 cxd4 5. Nxd4 g6 6. 0-0 Bg7 7. c4 0-0 8. Nc3 Qb6 9. e3 Ne8 10. Nd5 Qd8 11. b3 e6 12. Nc3 Qa5 13. Bb2 Nxd4 14. exd4 Nc7 15. a3 Rb8 16. b4 Qg5 17. h4 Qe7 18. Re1 d6 19. Qd2 Rd8 20. b5 b6 21. a4 Bb7 22. Bxb7 Rxb7 23. Nd5 Nxd5 24. cxd5 Qd7 25. dxe6 fxe6 26. Rac1 Rc8 27. Rxc8+ Qxc8 28. Qe2 Rc7 1/2-1/2

[Event "SVK-chT2B 1819"]
[Site "Slovakia"]
[Date "2019.03.03"]
[Round "9.4"]
[White "Kaniansky, Miroslav"]
[Black "Voros, Gellert"]
[Result "1/2-1/2"]
[WhiteElo "2159"]
[BlackElo "2154"]
[PlyCount "24"]
[EventDate "2018.10.13"]
[EventType "team-tourn"]
[EventRounds "11"]
[EventCountry "SVK"]
[SourceTitle "CBM 189 Extra"]
[Source "ChessBase"]
[SourceDate "2019.06.03"]
[SourceVersion "1"]
[SourceVersionDate "2019.06.03"]
[SourceQuality "1"]
[WhiteTeam "Prievidza"]
[BlackTeam "Komarno II"]
[WhiteTeamCountry "SVK"]
[BlackTeamCountry "SVK"]

1. d4 d5 2. Nf3 Nf6 3. g3 e6 4. Bg2 Bd6 5. 0-0 0-0 6. Nc3 c6 7. Bg5 Nbd7 8. e4 dxe4 9. Nxe4 Be7 10. Nxf6+ Nxf6 11. Ne5 h6 12. Be3 Nd5 1/2-1/2

[Event "SVK-chT3B2 1819"]
[Site "Slovakia"]
[Date "2018.12.09"]
[Round "4.1"]
[White "Kaniansky, Miroslav"]
[Black "Struhar, Jan"]
[Result "1-0"]
[WhiteElo "2157"]
[BlackElo "2012"]
[PlyCount "71"]
[EventDate "2018.10.21"]
[EventType "team-tourn"]
[EventRounds "11"]
[EventCountry "SVK"]
[SourceTitle "CBM 189 Extra"]
[Source "ChessBase"]
[SourceDate "2019.06.03"]
[SourceVersion "1"]
[SourceVersionDate "2019.06.03"]
[SourceQuality "1"]
[WhiteTeam "Handlova"]
[BlackTeam "Nemsova Horne Srnie"]
[WhiteTeamCountry "SVK"]
[BlackTeamCountry "SVK"]

1. d4 Nf6 2. Nf3 c5 3. c4 cxd4 4. Nxd4 Nc6 5. Nc3 g6 6. e4 Qa5 7. f3 Bg7 8. Nc2 0-0 9. Be2 d6 10. 0-0 h5 11. Kh1 Be6 12. Nd5 Rac8 13. Bd2 Qd8 14. Bc3 Nh7 15. Bxg7 Kxg7 16. f4 Bd7 17. b4 e6 18. Nc3 Qe7 19. b5 Na5 20. Ne3 Rfd8 21. Qd4+ e5 22. Qxa7 Ra8 23. Qb6 exf4 24. Ned5 Qe5 25. Rxf4 Be6 26. Raf1 Rd7 27. Qe3 Rdd8 28. Nb6 Rab8 29. Ncd5 Re8 30. Qd2 g5 31. R4f2 Qxe4 32. Qxa5 f6 33. Qc3 Bxd5 34. Nxd5 Re5 35. Bd3 Qg4 36. Bxh7 1-0

[Event "SVK-chT3B2 1819"]
[Site "Slovakia"]
[Date "2018.11.11"]
[Round "2.1"]
[White "Gaspar, Michal"]
[Black "Kaniansky, Miroslav"]
[Result "0-1"]
[WhiteElo "1867"]
[BlackElo "2157"]
[PlyCount "86"]
[EventDate "2018.10.21"]
[EventType "team-tourn"]
[EventRounds "11"]
[EventCountry "SVK"]
[SourceTitle "CBM 189 Extra"]
[Source "ChessBase"]
[SourceDate "2019.06.03"]
[SourceVersion "1"]
[SourceVersionDate "2019.06.03"]
[SourceQuality "1"]
[WhiteTeam "Bojnice"]
[BlackTeam "Handlova"]
[WhiteTeamCountry "SVK"]
[BlackTeamCountry "SVK"]

1. e4 c6 2. d4 g6 3. f4 d5 4. e5 Bf5 5. Bd3 Qd7 6. Nf3 Nh6 7. Nc3 Bxd3 8. Qxd3 Nf5 9. Bd2 h5 10. 0-0-0 e6 11. Be1 Be7 12. Bf2 Na6 13. Ne2 c5 14. Ng3 Nxd4 15. Nxd4 Nb4 16. Qb5 cxd4 17. Qxd7+ Kxd7 18. a3 Nc6 19. Ne2 Rhc8 20. Bxd4 Na5 21. Kb1 Nc4 22. Rd3 Rc6 23. Rhd1 a6 24. Rb3 b5 25. Nc1 Rac8 26. Na2 Na5 27. Rc3 Nb7 28. Rxc6 Rxc6 29. g3 Rc4 30. b3 Rc8 31. Kb2 Nc5 32. Bxc5 Bxc5 33. c3 h4 34. g4 Be3 35. Rf1 d4 36. Rf3 Ke7 37. cxd4 Bxd4+ 38. Nc3 a5 39. Rd3 Rxc3 40. Rxd4 Rh3 41. Rd2 Rf3 42. Rc2 Rxf4 43. h3 b4 0-1

[Event "SVK-chT3B2 1718"]
[Site "Slovakia"]
[Date "2018.03.04"]
[Round "10.1"]
[White "Reisel, Frantisek"]
[Black "Kaniansky, Miroslav"]
[Result "1/2-1/2"]
[WhiteElo "1967"]
[BlackElo "2123"]
[PlyCount "49"]
[EventDate "2017.10.08"]
[EventType "team-tourn"]
[EventRounds "11"]
[EventCountry "SVK"]
[SourceTitle "EXT 2020"]
[Source "ChessBase"]
[SourceDate "2019.10.17"]
[SourceVersion "1"]
[SourceVersionDate "2019.10.17"]
[SourceQuality "1"]
[WhiteTeam "Prievidza II"]
[BlackTeam "Handlova"]
[WhiteTeamCountry "SVK"]
[BlackTeamCountry "SVK"]

1. d4 Nf6 2. Nf3 e6 3. g3 b6 4. Bg2 Bb7 5. 0-0 Be7 6. c4 0-0 7. Nc3 Ne4 8. Nxe4 Bxe4 9. d5 Bf6 10. Nd4 Bxg2 11. Kxg2 exd5 12. cxd5 Re8 13. Re1 c5 14. Nf5 d6 15. e4 Qc7 16. Bf4 Be5 17. Qg4 g6 18. Bxe5 dxe5 19. Rad1 Qd7 20. b4 Kf8 21. Qg5 gxf5 22. exf5 f6 23. Qxf6+ Qf7 24. Qh8+ Qg8 25. Qf6+ 1/2-1/2